[Event "II Torneo Iberoamericano MoreliaLinares"]
[Site "Morelia"]
[Date "2008.02.19"]
[Round "5"]
[White "Iturrizaga, Eduardo"]
[Black "Illescas Cordoba, Miguel"]
[Result "1/2-1/2"]
[WhiteElo "2470"]
[BlackElo "2605"]
[PlyCount "119"]
[EventDate "2008.02.19"]
[EventType "tourn"]
[EventRounds "5"]
[EventCountry "MEX"]
[Source "–ù""]
[SourceDate "134159.04.23"]

1. Nf3 Nf6 2. c4 e6 3. Nc3 Bb4 4. Qc2 c5 5. a3 Ba5 6. d4 b6 7. Bg5 Bb7 8. O-O-O
Bxc3 9. Qxc3 Ne4 10. Bxd8 Nxc3 11. bxc3 Kxd8 12. d5 Ke7 13. e4 d6 14. Bd3 Nd7
15. Rhe1 Rad8 16. Kc2 Kf6 17. a4 g5 18. Rb1 g4 19. Nd2 Rhg8 20. Nf1 h5 21. Ne3
Bc8 22. Ra1 Ke7 23. Kd2 Ne5 24. Be2 Kd7 25. Rf1 Kc7 26. a5 bxa5 27. Rxa5 a6 28.
f4 gxf3 29. gxf3 Ng6 30. dxe6 fxe6 31. f4 Kb6 32. Ra2 Bb7 33. f5 exf5 34. Rxf5
Ne5 35. Rxh5 Rh8 36. Rb2+ Kc7 37. Rxh8 Rxh8 38. Nd5+ Bxd5 39. cxd5 Rxh2 40. Ra2
Nf3+ 41. Ke3 Ng1 42. Bc4 Rxa2 43. Bxa2 a5 44. Bb3 Nh3 45. Ba4 Ng5 46. Kf4 Nf7
47. Kf5 Ne5 48. Ke6 Nc4 49. Bb5 Ne5 50. Ba4 Nc4 51. Bb5 Nb6 52. e5 a4 53. Bxa4
Nxa4 54. Ke7 Nb6 55. exd6+ Kc8 56. c4 Nd7 57. Ke8 Ne5 58. Ke7 Nd7 59. Ke8 Nb6
60. Ke7 1/2-1/2

[Event "II Torneo Iberoamericano MoreliaLinares"]
[Site "Morelia"]
[Date "2008.02.15"]
[Round "1"]
[White "Hernandez Carmenates, Holden"]
[Black "Bachmann, Axel"]
[Result "1/2-1/2"]
[WhiteElo "2590"]
[BlackElo "2505"]
[PlyCount "180"]
[EventDate "2008.02.19"]
[EventType "tourn"]
[EventRounds "5"]
[EventCountry "MEX"]
[Source "–ù""]
[SourceDate "134159.04.23"]

1. d4 Nf6 2. Bg5 Ne4 3. Bf4 d5 4. e3 e6 5. Bd3 Nf6 6. Nf3 c5 7. c3 Nc6 8. Nbd2
Bd6 9. Bg3 Bxg3 10. hxg3 Qe7 11. Ne5 Nd7 12. f4 Ndxe5 13. fxe5 Bd7 14. Qg4
O-O-O 15. Qxg7 cxd4 16. exd4 Rdg8 17. Qh6 Rxg3 18. Bf1 Rg6 19. Qh4 Qxh4+ 20.
Rxh4 f6 21. exf6 Rxf6 22. Nf3 e5 23. Bb5 exd4 24. cxd4 Rg8 25. Kf2 Bg4 26. Rc1
h5 27. Ke3 Bxf3 28. gxf3 Rgf8 29. Be2 Kb8 30. Rd1 Rh8 31. Rdh1 Re8+ 32. Kf2
Rfe6 33. Bf1 Re1 34. Bb5 R1e3 35. Rd1 a6 36. Bf1 Nb4 37. a3 Nc2 38. Rxh5 Rb3
39. Rd2 Rf8 40. Be2 Ne3 41. Rh3 Ng4+ 42. Ke1 Ne3 43. Rh5 Rg8 44. Rh1 Rg2 45.
Bd3 Rxb2 46. Rxb2 Rxb2 47. Rh8+ Kc7 48. Rh7+ Kd6 49. Rh6+ Ke7 50. a4 Ng2+ 51.
Kd1 Nf4 52. Bf5 Rb4 53. a5 Rxd4+ 54. Kc2 Ra4 55. Rb6 Rxa5 56. Kc3 d4+ 57. Kxd4
Rxf5 58. Rxb7+ Kf6 59. Rb6+ Ne6+ 60. Ke4 Ra5 61. f4 Ra4+ 62. Kd5 Rd4+ 63. Kc6
Rc4+ 64. Kb7 a5 65. Ka6 a4 66. Kb5 Rxf4 67. Ra6 Ke5 68. Rxa4 Nd4+ 69. Kb6 Rf1
70. Rb4 Kd5 71. Rb2 Rf6+ 72. Kc7 Ne6+ 73. Kd7 Nd4 74. Rb1 Rf7+ 75. Ke8 Ra7 76.
Rd1 Rh7 77. Kd8 Ke5 78. Ke8 Nc6 79. Re1+ Kf6 80. Rf1+ Ke6 81. Re1+ Ne5 82. Kd8
Rh2 83. Kc7 Rc2+ 84. Kb6 Rd2 85. Kc7 Kd5 86. Kd8 Kd6 87. Ke8 Nd3 88. Re3 Nf4
89. Re4 Rf2 90. Re1 Re2+ 1/2-1/2

[Event "II Torneo Iberoamericano MoreliaLinares"]
[Site "Morelia"]
[Date "2008.02.15"]
[Round "1"]
[White "Khamrakulov, Ibragim"]
[Black "Osvaldo Zambrana, Osvaldo"]
[Result "1/2-1/2"]
[WhiteElo "2589"]
[BlackElo "2511"]
[PlyCount "82"]
[EventDate "2008.02.19"]
[EventType "tourn"]
[EventRounds "5"]
[EventCountry "MEX"]
[Source "–ù""]
[SourceDate "134159.04.23"]

1. e4 c5 2. c3 d6 3. d4 Nf6 4. Bd3 g6 5. Nf3 Bg7 6. O-O O-O 7. h3 Qc7 8. Bf4
Nfd7 9. d5 Na6 10. Nbd2 Qb8 11. a4 Nc7 12. Nc4 b6 13. Qd2 Ba6 14. Rae1 Qb7 15.
Ne3 Bxd3 16. Qxd3 Rad8 17. Bg5 Rde8 18. b4 b5 19. a5 e6 20. dxe6 Rxe6 21. Bf4
c4 22. Qd2 Nf6 23. e5 dxe5 24. Bxe5 Ne4 25. Qd4 Bxe5 26. Nxe5 Rd6 27. Nd5 Qxd5
28. Qxe4 Qxe4 29. Rxe4 Re8 30. Re3 Rde6 31. Ng4 Nd5 32. Rxe6 Rxe6 33. Rc1 Re2
34. Kf1 Rd2 35. Ne5 Nf4 36. Nf3 Ra2 37. Nd4 a6 38. h4 Kf8 39. g3 Nd5 40. Ke1
Ra3 41. Ne2 Ke7 1/2-1/2

[Event "II Torneo Iberoamericano MoreliaLinares"]
[Site "Morelia"]
[Date "2008.02.15"]
[Round "1"]
[White "Baules , Jorge Luis"]
[Black "Arias, Lemnys"]
[Result "0-1"]
[WhiteElo "2291"]
[BlackElo "2293"]
[PlyCount "72"]
[EventDate "2008.02.19"]
[EventType "tourn"]
[EventRounds "5"]
[EventCountry "MEX"]
[Source "–ù""]
[SourceDate "134159.04.23"]

1. Nf3 d5 2. c4 c6 3. d4 Nf6 4. Nc3 a6 5. c5 Nbd7 6. Bf4 Nh5 7. e3 Nxf4 8. exf4
g6 9. Bd3 Bg7 10. O-O O-O 11. Re1 Re8 12. h4 Nf8 13. Qd2 f6 14. Na4 Bg4 15. Nh2
Bf5 16. Nb6 Rb8 17. Bxf5 gxf5 18. Qd3 e6 19. Re2 Qc7 20. g3 Qf7 21. Rae1 Re7
22. Nf1 Qh5 23. Kg2 Rbe8 24. Ne3 Ng6 25. Kg1 Bh6 26. Ng2 e5 27. Qd1 Qg4 28.
dxe5 fxe5 29. h5 Qxh5 30. fxe5 f4 31. e6 f3 32. Rc2 Rxe6 33. Rxe6 Rxe6 34. Rc3
Re2 35. Nd7 Qf5 36. Nb6 Qe4 0-1

[Event "II Torneo Iberoamericano MoreliaLinares"]
[Site "Morelia"]
[Date "2008.02.16"]
[Round "2"]
[White "Bachmann, Axel"]
[Black "Arias, Lemmys.A"]
[Result "1/2-1/2"]
[WhiteElo "2505"]
[BlackElo "2293"]
[PlyCount "147"]
[EventDate "2008.02.19"]
[EventType "tourn"]
[EventRounds "5"]
[EventCountry "MEX"]
[Source "–ù""]
[SourceDate "134159.04.23"]

1. e4 e5 2. Nf3 Nc6 3. Bb5 a6 4. Ba4 Nf6 5. d3 Bc5 6. Bxc6 dxc6 7. Nbd2 Qe7 8.
h3 O-O 9. Nc4 Bd6 10. O-O b5 11. Ne3 c5 12. b3 Be6 13. Ng5 Bd7 14. Bb2 h6 15.
Nf3 Rfe8 16. c4 c6 17. Nh2 Rad8 18. Qf3 g6 19. Rad1 h5 20. Qg3 Nh7 21. Nf3 Bc8
22. Rfe1 Kf8 23. Bc1 Qf6 24. Nf1 Kg7 25. N1h2 Bc7 26. Nh4 Kh8 27. N2f3 Rg8 28.
Bb2 Rge8 29. d4 cxd4 30. Nxd4 g5 31. Nhf5 h4 32. Qh2 Qg6 33. Nf3 Qf6 34. c5 Nf8
35. Nd6 Ng6 36. Nxe8 Rxe8 37. Kh1 Nf4 38. Ng1 Qe7 39. b4 Qe6 40. Ne2 Nxe2 41.
Rxe2 Qc4 42. Red2 Qxe4 43. a3 Kg7 44. f3 Qf5 45. Qg1 Be6 46. Qe3 Bd5 47. Bc3 f6
48. Kg1 e4 49. fxe4 Rxe4 50. Qf2 Qe6 51. Rd3 Bg3 52. Rxg3 hxg3 53. Qxg3 Kg6 54.
Rf1 Re2 55. Rxf6+ Qxf6 56. Qd3+ Qf5 57. Qxe2 Qe4 58. Qxe4+ Bxe4 59. Kf2 Kf5 60.
g4+ Kg6 61. Kg3 Bd5 62. Bd2 Be4 63. Bxg5 Kxg5 64. h4+ Kf6 65. Kf4 Bb1 66. g5+
Kg6 67. Ke5 Kh5 68. Kd6 Be4 69. Kc7 Bg2 70. Kb7 Be4 71. Kb6 Bd5 72. Kb7 Be4 73.
Kb6 Bd5 74. Kb7 1/2-1/2

[Event "II Torneo Iberoamericano MoreliaLinares"]
[Site "Morelia"]
[Date "2008.02.16"]
[Round "2"]
[White "Zambrana, Osvaldo"]
[Black "Baules, Jorge"]
[Result "1-0"]
[WhiteElo "2511"]
[BlackElo "2291"]
[PlyCount "117"]
[EventDate "2008.02.19"]
[EventType "tourn"]
[EventRounds "5"]
[EventCountry "MEX"]
[Source "–ù""]
[SourceDate "134159.04.23"]

1. e4 c5 2. Nf3 Nc6 3. d4 cxd4 4. Nxd4 Nf6 5. Nc3 e5 6. Ndb5 d6 7. Bg5 a6 8.
Na3 b5 9. Nd5 Be7 10. Bxf6 Bxf6 11. c4 b4 12. Nc2 a5 13. g3 Bg5 14. Bg2 O-O 15.
h4 Bh6 16. O-O Be6 17. b3 Ne7 18. Nxe7+ Qxe7 19. Qd3 Qc7 20. Rfd1 Rfd8 21. a3
a4 22. Nxb4 axb3 23. Qxb3 Qxc4 24. Qxc4 Bxc4 25. Bf1 Bb3 26. Rdb1 Ba4 27. Ra2
Rdc8 28. Nd5 Rc2 29. Raa1 Bc6 30. Nb4 Rc5 31. Nxc6 Rxc6 32. Ra2 g6 33. a4 Rc5
34. Rb5 Rxb5 35. Bxb5 Ra5 36. Rc2 Ra7 37. Rc8+ Bf8 38. Kg2 Kg7 39. Kf3 f5 40.
Ke3 Be7 41. Kd3 h5 42. Kc4 fxe4 43. Kd5 e3 44. fxe3 g5 45. hxg5 Bxg5 46. e4 Be3
47. Kxd6 Bf2 48. Rc3 Bd4 49. Rf3 Kh6 50. Rf5 Rg7 51. Be8 Rxg3 52. Rxh5+ Kg7 53.
Bd7 Re3 54. Kd5 Rc3 55. Rh3 Rc5+ 56. Ke6 Ra5 57. Rg3+ Kh7 58. Kf6 Ra6+ 59. Be6
1-0

[Event "II Torneo Iberoamericano MoreliaLinares"]
[Site "Morelia"]
[Date "2008.02.16"]
[Round "2"]
[White "Hernandez Carmenates, Holden"]
[Black "Khamrakulov, Ibragim.S"]
[Result "1/2-1/2"]
[WhiteElo "2590"]
[BlackElo "2589"]
[PlyCount "46"]
[EventDate "2008.02.19"]
[EventType "tourn"]
[EventRounds "5"]
[EventCountry "MEX"]
[Source "–ù""]
[SourceDate "134159.04.23"]

1. Nf3 Nf6 2. c4 e6 3. g3 b6 4. Bg2 Bb7 5. d4 Be7 6. Nc3 Ne4 7. Bd2 Nxd2 8.
Qxd2 d6 9. d5 e5 10. O-O O-O 11. e4 Nd7 12. Ne1 c6 13. Nd3 a5 14. Bh3 cxd5 15.
Nxd5 Bxd5 16. cxd5 Nc5 17. Qe2 g6 18. Ne1 Qe8 19. Ng2 Qa4 20. f3 Bg5 21. Kh1
Bh6 22. Ne3 Bxe3 23. Qxe3 Qb4 1/2-1/2

[Event "II Torneo Iberoamericano MoreliaLinares"]
[Site "Morelia"]
[Date "2008.02.17"]
[Round "3"]
[White "Khamrakulov, Ibragim.S"]
[Black "Bachmann"]
[Result "0-1"]
[WhiteElo "2589"]
[BlackElo "2505"]
[PlyCount "80"]
[EventDate "2008.02.19"]
[EventType "tourn"]
[EventRounds "5"]
[EventCountry "MEX"]
[Source "–ù""]
[SourceDate "134159.04.23"]

1. e4 e5 2. Nf3 Nc6 3. Bc4 Bc5 4. c3 Nf6 5. d3 a6 6. h3 Ba7 7. O-O d6 8. Bb3
O-O 9. Be3 Ne7 10. Nbd2 Ng6 11. d4 h6 12. Re1 Re8 13. Nf1 exd4 14. Bxd4 Bxd4
15. Qxd4 c5 16. Qd2 b5 17. Ng3 Bb7 18. Bc2 Qc7 19. a4 Rad8 20. axb5 axb5 21. b4
d5 22. exd5 Rxe1+ 23. Rxe1 Bxd5 24. Rd1 cxb4 25. cxb4 Rd7 26. Nd4 Nh4 27. Nxb5
Qb7 28. Nd4 Bxg2 29. Qf4 Bh1 30. f3 Bxf3 31. Nxf3 Nxf3+ 32. Kf1 Qb5+ 33. Kg2
Rxd1 34. Bxd1 Ne1+ 35. Kh2 Qd5 36. Qf2 Qxd1 37. b5 Nf3+ 38. Kg2 Nh4+ 39. Kh2
Qd5 40. b6 Nd7 0-1

[Event "II Torneo Iberoamericano MoreliaLinares"]
[Site "Morelia"]
[Date "2008.02.17"]
[Round "3"]
[White "Baules, Jorge"]
[Black "Hernandez Carmenates, Holden"]
[Result "0-1"]
[WhiteElo "2291"]
[BlackElo "2590"]
[PlyCount "56"]
[EventDate "2008.02.19"]
[EventType "tourn"]
[EventRounds "5"]
[EventCountry "MEX"]
[Source "–ù""]
[SourceDate "134159.04.23"]

1. c4 Nf6 2. Nc3 e5 3. Nf3 Nc6 4. g3 Bb4 5. Bg2 O-O 6. O-O Re8 7. d4 e4 8. Ng5
Bxc3 9. bxc3 h6 10. Nh3 Na5 11. c5 d5 12. cxd6 cxd6 13. f3 e3 14. Qd3 Be6 15.
Nf4 Bc4 16. Qc2 Nd5 17. Nxd5 Bxd5 18. f4 Bxg2 19. Kxg2 d5 20. Rb1 Qd7 21. Rf3
Nc4 22. f5 Re4 23. h3 Rae8 24. Qd3 b6 25. Rb4 Qc6 26. Kf1 h5 27. Qc2 h4 28. g4
Qd6 0-1

[Event "II Torneo Iberoamericano MoreliaLinares"]
[Site "Morelia"]
[Date "2008.02.17"]
[Round "3"]
[White "Arias, Lemnys.A"]
[Black "Zambrana, Osvaldo"]
[Result "1-0"]
[WhiteElo "2293"]
[BlackElo "2511"]
[PlyCount "79"]
[EventDate "2008.02.19"]
[EventType "tourn"]
[EventRounds "5"]
[EventCountry "MEX"]
[Source "–ù""]
[SourceDate "134159.04.23"]

1. e4 c5 2. Nf3 d6 3. d4 cxd4 4. Nxd4 Nf6 5. Nc3 a6 6. g3 e5 7. Nb3 Nbd7 8. Bg2
b5 9. O-O Be7 10. a4 b4 11. Nd5 Nxd5 12. exd5 a5 13. Bd2 O-O 14. c3 bxc3 15.
Bxc3 Qb6 16. Ra3 Bd8 17. Kh1 Nf6 18. Qd2 Qa6 19. Re1 Bb7 20. Raa1 Bb6 21. f4
Ng4 22. h3 Nf2+ 23. Kh2 exf4 24. Qxf4 Nd3 25. Qg4 Ne5 26. Qe2 Qa7 27. Rad1 Ba6
28. Qd2 Bc4 29. Nd4 Bxd4 30. Bxd4 Qd7 31. Bxe5 dxe5 32. d6 Rab8 33. Qxa5 Rxb2
34. Qc3 Qb7 35. Rd2 Rxd2 36. Qxd2 Qd7 37. Rxe5 Rd8 38. a5 g6 39. Re7 Qb5 40.
Qd4 {Bandera} 1-0

[Event "II Torneo Iberoamericano MoreliaLinares"]
[Site "Morelia"]
[Date "2008.02.18"]
[Round "4"]
[White "Bachmann, Axel"]
[Black "Zambrana, Osvaldo"]
[Result "1-0"]
[WhiteElo "2505"]
[BlackElo "2511"]
[PlyCount "63"]
[EventDate "2008.02.19"]
[EventType "tourn"]
[EventRounds "5"]
[EventCountry "MEX"]
[Source "–ù""]
[SourceDate "134159.04.23"]

1. e4 c5 2. Nf3 e6 3. d4 cxd4 4. Nxd4 Nc6 5. Nc3 Qc7 6. g3 a6 7. Bg2 Nf6 8. O-O
d6 9. Be3 Bd7 10. a4 Na5 11. Qe2 Be7 12. Rad1 Rc8 13. h3 O-O 14. g4 h6 15. Kh1
Nh7 16. f4 Bf6 17. Qf2 Nc4 18. Bc1 Nb6 19. h4 Nxa4 20. Nxa4 Bxa4 21. b3 Bd7 22.
g5 Be7 23. c4 Qc5 24. Qg3 h5 25. f5 exf5 26. exf5 d5 27. Bxd5 Bd6 28. Qf3 Rce8
29. Qxh5 Re7 30. f6 Nxf6 31. gxf6 Re5 32. Nf5 1-0

[Event "II Torneo Iberoamericano MoreliaLinares"]
[Site "Morelia"]
[Date "2008.02.18"]
[Round "4"]
[White "Hernandez Carmenates, Holden"]
[Black "Arias, Lemnys.A"]
[Result "1/2-1/2"]
[WhiteElo "2590"]
[BlackElo "2293"]
[PlyCount "139"]
[EventDate "2008.02.19"]
[EventType "tourn"]
[EventRounds "5"]
[EventCountry "MEX"]
[Source "–ù""]
[SourceDate "134159.04.23"]

1. d4 d5 2. c4 c6 3. Nc3 Nf6 4. e3 a6 5. Nf3 Bf5 6. cxd5 cxd5 7. Qb3 Ra7 8. Nh4
Bg6 9. g3 e6 10. Bg2 Nc6 11. Nxg6 hxg6 12. O-O Be7 13. Rd1 Na5 14. Qc2 b5 15.
e4 dxe4 16. Nxe4 Nd5 17. Qe2 O-O 18. h4 Nf6 19. b3 Rd7 20. Bb2 Qb6 21. Nc5 Rd6
22. Ne4 Nxe4 23. Bxe4 Bf6 24. h5 g5 25. d5 Bxb2 26. Qxb2 Qd8 27. Rd2 Qf6 28.
Qxf6 gxf6 29. Rad1 Rfd8 30. Rd3 Nb7 31. dxe6 fxe6 32. Rxd6 Nxd6 33. g4 Kg7 34.
b4 Kf7 35. Bg6+ Ke7 36. a4 f5 37. axb5 axb5 38. gxf5 exf5 39. h6 Rh8 40. h7 Ke6
41. Kg2 Nc4 42. Ra1 Kf6 43. Ra6+ Ke5 44. f3 Kf4 45. Rf6 Ne3+ 46. Kf2 g4 47. Re6
g3+ 48. Ke2 g2 49. Kf2 Ra8 50. Rxe3 g1=Q+ 51. Kxg1 Kxe3 52. Kg2 Kf4 53. Bf7 Rh8
54. Bg8 Kg5 55. Kg3 f4+ 56. Kg2 Kh4 57. Kh2 Kg5 58. Kg1 Kh4 59. Kg2 Kg5 60. Kf1
Kh4 61. Kf2 Kh3 62. Be6+ Kh2 63. Bf5 Re8 64. Bd3 Rh8 65. Bxb5 Rxh7 66. Bc6 Ra7
67. b5 Ra2+ 68. Ke1 Rb2 69. Kd1 Kg3 70. Kc1 1/2-1/2

[Event "II Torneo Iberoamericano MoreliaLinares"]
[Site "Morelia"]
[Date "2008.02.18"]
[Round "4"]
[White "Khamrakulov, Ibrahin.S"]
[Black "Baules, Jorge"]
[Result "1-0"]
[WhiteElo "2589"]
[BlackElo "2291"]
[PlyCount "111"]
[EventDate "2008.02.19"]
[EventType "tourn"]
[EventRounds "5"]
[EventCountry "MEX"]
[Source "–ù""]
[SourceDate "134159.04.23"]

1. e4 c5 2. c3 d5 3. exd5 Qxd5 4. d4 Nc6 5. dxc5 Qxd1+ 6. Kxd1 e5 7. Be3 Nf6 8.
f3 a5 9. Nd2 Be6 10. Bc4 Nd5 11. Bxd5 Bxd5 12. Ne2 f5 13. Kc2 g5 14. Rhd1 Be6
15. b3 Rg8 16. h3 h5 17. Bf2 h4 18. Nc4 Bxc4 19. bxc4 Rg7 20. Rd5 Kf7 21. g4
hxg3 22. Nxg3 Ke6 23. Re1 Rd8 24. Rexe5+ Nxe5 25. Rxd8 Rf7 26. f4 gxf4 27. Ne2
Ng6 28. Nd4+ Kf6 29. Rd5 Ne7 30. Rd6+ Kg7 31. Ne6+ Kg8 32. Nxf4 Nc6 33. Rd5 Bh6
34. Be3 Re7 35. Bd2 Ne5 36. Rd6 Bxf4 37. Bxf4 Nxc4 38. Rf6 Re2+ 39. Kd3 Rf2 40.
Kxc4 Rxf4+ 41. Kb5 a4 42. Kb6 Kg7 43. Rd6 Rc4 44. Rd5 Rxc3 45. Kxb7 Rc2 46. c6
Rb2+ 47. Ka6 Rc2 48. Kb6 f4 49. c7 f3 50. Rf5 Rb2+ 51. Ka5 Rc2 52. Kxa4 Rxa2+
53. Kb3 Ra8 54. Rxf3 Rc8 55. Rc3 Kf6 56. Kb4 1-0

[Event "II Torneo Iberoamericano MoreliaLinares"]
[Site "Morelia"]
[Date "2008.02.19"]
[Round "5"]
[White "Baules, Jorge"]
[Black "Bachmann, Axel"]
[Result "0-1"]
[WhiteElo "2291"]
[BlackElo "2505"]
[PlyCount "64"]
[EventDate "2008.02.19"]
[EventType "tourn"]
[EventRounds "5"]
[EventCountry "MEX"]
[Source "–ù""]
[SourceDate "134159.04.23"]

1. Nf3 c5 2. c4 Nc6 3. Nc3 g6 4. g3 Bg7 5. Bg2 e5 6. d3 Nge7 7. O-O O-O 8. Ne1
d6 9. Nc2 Be6 10. Rb1 d5 11. cxd5 Nxd5 12. Ne4 b6 13. Ng5 Bc8 14. Ne3 Nde7 15.
b4 cxb4 16. a3 h6 17. Ne4 f5 18. Nd2 a5 19. axb4 axb4 20. Nc2 Nd5 21. Nxb4
Ncxb4 22. Rxb4 e4 23. Qb3 Kh7 24. Rc4 Be6 25. Rc6 Qd7 26. dxe4 fxe4 27. Rxe6
Qxe6 28. Bxe4 Rad8 29. h4 Kh8 30. Bd3 Qg4 31. Ne4 Rfe8 32. Bc4 Qxe4 0-1

[Event "II Torneo Iberoamericano MoreliaLinares"]
[Site "Morelia"]
[Date "2008.02.19"]
[Round "5"]
[White "Arias, Lemnys.A"]
[Black "Khamrakulov, Ibragim.S"]
[Result "0-1"]
[WhiteElo "2293"]
[BlackElo "2589"]
[PlyCount "96"]
[EventDate "2008.02.19"]
[EventType "tourn"]
[EventRounds "5"]
[EventCountry "MEX"]
[Source "–ù""]
[SourceDate "134159.04.23"]

1. e4 c6 2. d3 d5 3. Nd2 e5 4. g3 Nf6 5. Bg2 Bd6 6. Ngf3 O-O 7. O-O Re8 8. Re1
Nbd7 9. a4 a5 10. b3 Bb4 11. Bb2 d4 12. Qc1 Nc5 13. Ba3 Bg4 14. Bxb4 axb4 15.
Nc4 Bxf3 16. Bxf3 b5 17. axb5 Rxa1 18. Qxa1 cxb5 19. Qa7 Qe7 20. Qxe7 Rxe7 21.
Nd6 Ra7 22. Nxb5 Ra2 23. Re2 Ra1+ 24. Kg2 Ne8 25. Bg4 g6 26. f4 f6 27. f5 Ra5
28. Nxd4 exd4 29. e5 fxe5 30. Rxe5 Nf6 31. Bf3 Kf7 32. fxg6+ hxg6 33. Re2 Ncd7
34. g4 g5 35. h3 Ne5 36. Be4 Nxe4 37. Rxe4 Nc6 38. Kf3 Rc5 39. Re2 Kf6 40. Rh2
Re5 41. h4 Re3+ 42. Kf2 Ne5 43. hxg5+ Kxg5 44. Rh5+ Kxg4 45. Rh6 Rh3 46. Re6
Rh2+ 47. Kf1 Nf3 48. Rc6 Kg3 0-1

[Event "II Torneo Iberoamericano MoreliaLinares"]
[Site "Morelia"]
[Date "2008.02.19"]
[Round "5"]
[White "Zambrana, Osvaldo"]
[Black "Hernandez Carmenates, Holden"]
[Result "0-1"]
[WhiteElo "2511"]
[BlackElo "2590"]
[PlyCount "102"]
[EventDate "2008.02.19"]
[EventType "tourn"]
[EventRounds "5"]
[EventCountry "MEX"]
[Source "–ù""]
[SourceDate "134159.04.23"]

1. e4 c5 2. Nf3 e6 3. d4 cxd4 4. Nxd4 a6 5. c4 Nf6 6. Nc3 Qc7 7. a3 b6 8. Be3
Bb7 9. f3 d6 10. Rc1 Be7 11. Be2 O-O 12. O-O Nbd7 13. b4 Rac8 14. Kh1 Qb8 15.
Qd2 Bd8 16. Bg1 h5 17. Nd1 d5 18. exd5 exd5 19. Nf2 dxc4 20. Bxc4 b5 21. Bb3
Rxc1 22. Rxc1 Ne5 23. Nd3 Nfd7 24. Nc5 Nb6 25. Qf4 Bf6 26. Nxb7 Qxb7 27. Qf5 h4
28. Bc2 Ng6 29. Be4 Qb8 30. Ne6 Rc8 31. Nc5 Na4 32. Re1 Nxc5 33. bxc5 Re8 34.
Rd1 Rd8 35. Rd5 Rxd5 36. Qxd5 Qd8 37. Qb3 Nf4 38. Be3 Be5 39. Qc2 Ne6 40. c6
Qd6 41. Bg1 Qxa3 42. Bd5 Qa1 43. Qa2 Qc1 44. c7 Bd4 45. c8=R+ Qxc8 46. Bxd4
Nxd4 47. h3 Qc1+ 48. Kh2 Qc7+ 49. Kh1 Nf5 50. Qa1 Ng3+ 51. Kh2 Ne2+ 0-1